| 000 | 01159nam a2200301Ia 4500 | ||
|---|---|---|---|
| 001 | 18621 | ||
| 003 | IT-RoPAU | ||
| 008 | 130308s9999 xx 000 0 und d | ||
| 040 | _aIT-RoPAU | ||
| 040 | _cIT-RoPAU | ||
| 041 | _aFRANCESE | ||
| 100 | _aBenenzon Rolando | ||
| 100 | _gCodice Aut. SPICS: 12656 | ||
| 245 | _aManuel de musicotherapie | ||
| 245 | _bManuel de Musicotherapie | ||
| 250 | _a1a ed. | ||
| 260 | _aTOULOUSE | ||
| 260 | _bPrivat | ||
| 260 | _c1981 [1° Ed.:1981 - Ed.Ling.Originale:1981] | ||
| 300 | _a"254 p. (prefazione: no ; testo: 254)" | ||
| 500 | _aManuale di musicoterapia Biologia e Psicologia del Suono Principi di musicoterapia Elementi tecnici Studio e Strumentario di musicoterapia Formazione Personalità e caratteristiche del Musicoterapeuta Metodologia Generale di musicoterapia Aspetti tecnici Controindicazioni per Uso Indebito di musicoterapia Applicazioni Cliniche della musicoterapia musicoterapia Nei gruppi familiari Storia e Sviluppo della musicoterapia | ||
| 650 | _aSAGGI MUSICALI | ||
| 650 | _eCodice materia Spics: 7011 | ||
| 942 | _cBK | ||
| 957 | _71 | ||
| 999 |
_c74426 _d74426 |
||
| 999 | _bSI | ||
| 999 | _g1 | ||